Comunicación y cultura en la perspectiva de América Latina y el Caribe
Gespeichert in:
| 1. Verfasser: | |
|---|---|
| Format: | Text |
| Veröffentlicht: |
Panamá:
Universidad de Panamá
|
| Tags: |
Tag hinzufügen
Keine Tags, Fügen Sie den ersten Tag hinzu!
|
MARC
| LEADER | 00000 a a2200000 04500 | ||
|---|---|---|---|
| 001 | 21505 | ||
| 003 | |||
| 040 | |a CRAI/IIS |c CRAI/IIS | ||
| 090 | |a 095000 | ||
| 100 | |a García Prince, Evangelina | ||
| 245 | |a Comunicación y cultura en la perspectiva de América Latina y el Caribe | ||
| 260 | |a Panamá: |b Universidad de Panamá | ||
| 300 | |a 23 p. | ||
| 999 | |c 2711 |d 2711 | ||
